00215nam a2200073Ia 4500082001300000245005200013100003500065008004100100 aEKF BLYT 0aBig Eyes the enchanter ; : & The ho-ho goblins  a BLYTON, Enid London, 2003 210817s9999 xx 000 0 und d